| 000 | 00669nam a2200229 a 4500 | ||
|---|---|---|---|
| 001 | BRCA_5665 | ||
| 005 | 20190320205155.0 | ||
| 008 | 220211s1928----fr-a######---#000-0#fre-# | ||
| 041 | _afre | ||
| 044 | _afr | ||
| 050 | 4 |
_aNK1860 _b.G73 3 1928 |
|
| 245 | 1 | 0 | _aLe style Louis XV. |
| 260 |
_aParís _bFlammarion _c1928 |
||
| 300 |
_a63 p. (v.8) _bil., 6 láminas _c22 cm. |
||
| 440 | 0 |
_aLa grammaire des styles _v8 _914394 |
|
| 500 | _aVer también F134 (v.6), F135 (v.7), F137 (v.16), F138 (v.5) y F139 (v.4). | ||
| 500 | _aF136 | ||
| 650 | 1 | 4 |
_aDecoración y ornamentación _zFrancia _914395 |
| 700 | 1 |
_aMartin, Henry _eed. _914396 |
|
| 902 | _aGFM | ||
| 942 |
_2lcc _cB |
||
| 999 |
_c5358 _d5358 |
||